000 00406nam a2200157 i 4500
001 82575
003 ES-MaACL
007 t|
008 041111s1967 mx ||||1| spa d
100 1 _aIngenieros, José.
_965284
245 1 3 _aEl hombre mediocre /
_cJosé Ingenieros.
250 _a1ª ed.
260 _aMéxico :
_bEpoca,
_c[1967]
300 _a246 p. ;
_c19 cm.
852 _aES-MaACL
_jE-9299
_bR.93603
999 _c82575
_d82575